A textbook of internet and web page design (Record no. 84310)

MARC details
000 -LEADER
fixed length control field 00547nam a2200193Ia 4500
008 - FIXED-LENGTH DATA ELEMENTS--GENERAL INFORMATION
fixed length control field 230125s9999 xx 000 0 und d
020 ## - INTERNATIONAL STANDARD BOOK NUMBER
International Standard Book Number 81-7888-013-X
041 ## - LANGUAGE CODE
Language code of text/sound track or separate title eng
082 ## - DEWEY DECIMAL CLASSIFICATION NUMBER
Classification number 004.69
Item number SHR
100 ## - MAIN ENTRY--PERSONAL NAME
Personal name Shrivastav R K
9 (RLIN) 106948
245 ## - TITLE STATEMENT
Title A textbook of internet and web page design
260 ## - PUBLICATION, DISTRIBUTION, ETC. (IMPRINT)
Date of publication, distribution, etc. 2001
Name of publisher, distributor, etc. Dominant publisher
Place of publication, distribution, etc. New Delhi
300 ## - PHYSICAL DESCRIPTION
Extent 246p
500 ## - GENERAL NOTE
Keywords Internet,Web designing
500 ## - GENERAL NOTE
Keywords Web development;Internet
650 ## - SUBJECT ADDED ENTRY--TOPICAL TERM
Topical term or geographic name as entry element Computer Management
9 (RLIN) 106949
700 ## - ADDED ENTRY--PERSONAL NAME
Personal name Shrivastav R K
9 (RLIN) 106948
Holdings
Withdrawn status Lost status Damaged status Not for loan Home library Current library Date acquired Vendor Cost, normal purchase price Total Checkouts Full call number Barcode Date last seen Cost, replacement price Bill Date Koha item type Original Barcode
        Smt. Hiraben Nanavati Institute of Management & Research for Women Smt. Hiraben Nanavati Institute of Management & Research for Women 24/11/2001 System sales 495.00   004.69 SHR B02712 HIMR-BK-2712 25/01/2023 495.00 10/12/2001 Books B02712